| 000 | 01665nam0a2200349 i 4500 | ||
|---|---|---|---|
| 001 | RU\NLR\bibl\2051159 | ||
| 005 | 20240921132953.0 | ||
| 010 |
_a9785212012812 _92000 |
||
| 021 |
_aRU _b2013-45819 _93185 |
||
| 035 | _a(NLR Aleph) 002038179 | ||
| 090 |
_a4583102 _c4583102 |
||
| 100 | _a20130705d2013 u y0rusy50 ca | ||
| 101 | 0 | _arus | |
| 102 | _aRU | ||
| 105 | _aa ||||||||| | ||
| 200 | 1 |
_aНекоммерческие организации: особенности налогообложения и бухгалтерского учета _fП.Ю. Гамольский _g[Клуб бухгалтеров и аудиторов некоммер. орг.] |
|
| 205 | _a15-е изд., перераб. и доп. | ||
| 210 |
_aМосква _cКнига и бизнес _d2013 |
||
| 215 |
_a314 с. _cил. _d20 |
||
| 225 | 1 |
_aСерия книг "Некоммерческие организации" _fпод общ. ред. П.Ю. Гамольского |
|
| 320 | _aБиблиогр.: с. 313 (14 назв.) | ||
| 606 | 1 |
_aНекоммерческие организации _xБухгалтерский учет _yРоссийская Федерация _92280900 _3RU\NLR\auth\661366568 |
|
| 606 | 1 |
_aНекоммерческие организации _xНалоговое обложение _yРоссийская Федерация _92280899 _3RU\NLR\auth\661366567 |
|
| 686 | _aУ052.9(2)229я7 | ||
| 686 | _aУ26(2)141.3я7 | ||
| 700 | 1 |
_aГамольский _bП. Ю. _f1971- _gПавел Юрьевич _4070 |
|
| 801 | 0 |
_aRU _bNLR _c20130705 _gRCR |
|
| 801 | 1 |
_aRU _bNLR _c20130705 |
|
| 942 | _cBOOK | ||
| 980 | _aNBR | ||